000 00273nam a2200109Ia 4500
008 210430s9999 xx 000 0 und d
082 _a537.5 Y26Q
100 _aYariv, Amnon
_953483
245 _aQuantum Electronics 3rd
_cYariv, Amnon
300 _a676p.
942 _cBK
_2ddc
999 _c563500
_d563500